| 000 | 00479nam a2200181Ia 4500 | ||
|---|---|---|---|
| 001 | 17036 | ||
| 005 | 20260306170355.0 | ||
| 008 | 260306t2014||||xx |||||||||||||| ||und|| | ||
| 041 | _aESP | ||
| 082 |
_a657.42 _bT21 |
||
| 100 |
_aTapia Echavez, Diomedes Enrique _eAUT |
||
| 245 | 0 | _aContabilidad de gestión para el sector portuario marítimo y fluvial | |
| 260 | _c2014 | ||
| 300 |
_a258 páginas : _c24 cm. |
||
| 650 | _aGEN | ||
| 654 | _aCCO | ||
| 942 |
_cLIB _dJUS _fJUS _2ddc _n |
||
| 999 |
_c17036 _d17036 |
||